Escribir en los bordes. Congreso Internacional de Literatura femenina latinoamericana, 1987.

সংরক্ষণ করুন:
গ্রন্থ-পঞ্জীর বিবরন
প্রধান লেখক: Berenguer, Carmen (compiladora)
অন্যান্য লেখক: Brito, Eugenia (compiladora), Eltit, Diamela (compiladora), Olea, Raquel (compiladora), Ortega, Eliana (compiladora), Richard, Nelly (compiladora)
বিন্যাস: গ্রন্থ
ভাষা:ইংরেজি
প্রকাশিত: Santiago, Chile: Cuarto propio, 1994.
সংস্করন:2a. edición.
মালা:Ensayo.
বিষয়গুলি:
ট্যাগগুলো: ট্যাগ যুক্ত করুন
কোনো ট্যাগ নেই, প্রথমজন হিসাবে ট্যাগ করুন!

MARC

LEADER 00000nam a22000007a 4500
003 CL-VaPUC
005 20241121124306.0
008 241114t1994 ||||| |||| 00| 0 eng d
999 |c 445685  |d 445683 
020 |a 956-260-011-3 
040 |c Pontificia Universidad Católica de Valparaíso 
082 |2 22  |a 865.44 BER 1994 
100 |9 620180  |a Berenguer, Carmen  |e compiladora 
245 |a Escribir en los bordes.  |b Congreso Internacional de Literatura femenina latinoamericana, 1987. 
250 |a 2a. edición. 
260 |a Santiago, Chile:  |b Cuarto propio,  |c 1994. 
300 |a 232 páginas. 
490 |a Ensayo.  
500 |a c.1 Donación. Memo EDU. 12-11-2024. 
583 |c 20241114  |k Yessy Sthefany Diaz Vidal 
650 0 |9 448832  |a Literatura feminista  |z América Latina  |y Siglo 20 
650 0 |9 259085  |a Feminismo  |v Congresos, seminarios, etc.  |x Narrativa latinoamericana 
650 0 |9 376804  |a Poesía latinoamericana  |v Crítica e interpretación 
700 |9 893756  |a Brito, Eugenia   |e compiladora 
700 |9 438400  |a Eltit, Diamela  |e compiladora 
700 |9 893757  |a Olea, Raquel   |e compiladora 
700 |9 893758  |a Ortega, Eliana   |e compiladora 
700 |9 893759  |a Richard, Nelly  |e compiladora 
942 |2 ddc  |c BK 
952 |0 0  |1 0  |2 ddc  |4 0  |6 865_440000000000000_BER_1994  |7 0  |8 A  |9 597994  |a BIBEDU  |b BIBEDU  |d 2024-11-14  |e Donación   |i 5663220  |o 865.44 BER 1994  |p 5663220  |r 2024-11-14  |t 1  |w 2024-11-14  |y BK  |k EDU